000 00950nam a2200229Ia 4500
001 L248-16231
003 IT-CnALBA
008 170116s9999||||xx |||||||||||||| ||und||
040 _aIT-CnALBA
_cIT-CnALBA
041 _aITALIANO
100 _aBOUSSEMART, R.P.
245 0 _aPER UN BELL'AMORE.
250 _a1a ed.
260 _a BOLOGNA - NAPOLI
_bDEHONIANE EDIZIONI
_c1968 [1° Ed.:1968 - Ed.Ling.Originale: 1968]
300 _a90 p. (prefazione: 7)
500 _aTRADUZIONE DAL FRANCESE DI ROBERTO ROSSETTI. COMPRENDERSI. INCONTRARSI. SCEGLIERSI. AMARSI. SOTTO LO SGUARDO DI DIO, NOSTRO PADRE.
501 _aSocietà San Paolo EM - Piazza San Paolo, 14 - 12051 ALBA (CN) (non commercial uses only) ® Copyright 2017
520 _aTRADUZIONE DAL FRANCESE DI ROBERTO ROSSETTI. COMPRENDERSI. INCONTRARSI. SCEGLIERSI. AMARSI. SOTTO LO SGUARDO DI DIO, NOSTRO PADRE.
650 _aASCETICA E MISTICA
942 _cBK
957 _71
999 _a20979
_bNO
_g Copie: 1
_c275397
_d275397